000 00681nam a22002417a 4500
001 sjds170043
003 sjds
005 20170531140640.0
008 170531b sp||||| |||| 00| 0 spa d
020 _a9781405414203
040 _csjds
041 _aspa
245 1 0 _aGuía de terapias : pilates, yoga, meditación, antiestrés
_c[traducción del ingles, Olga Delgado].
246 1 0 _aTerapias
260 _aBarcelona :
_bParragon,
_cc2003.
300 _a256 pages :
_bcolor illustrations ;
_c25 cm
500 _aIncludes index.
650 0 _aPilates method.
650 0 _aHatha yoga.
650 0 _aTrancendental Meditation.
700 _aDelgado, Olga.
942 _cBK
999 _c17348
_d17348